000 00719nam a2200229 i 4500
001 7904
003 ES-MaACL
005 20230906145333.0
007 t|
008 910521s1989 sp ||||1| spa d
020 _a84-03-60067-4
080 _a72.033.4
100 1 _aKubach, Hans Eric.
_968935
245 1 0 _aArquitectura romanica /
_cHans Eric Kubach.
260 _aMadrid :
_bAguilar/Asuri,
_ccop. 1989.
300 _a222 p., [22] p. de il. :
_bprincipalmente il. ;
_c25 cm.
490 1 _aHistoria universal de la arquitectura
650 1 4 _aArquitectura románica.
_910058
830 0 _aHistoria universal de la arquitectura
_9177982
852 _aES-MaACL
_jL-15117
_bR.119468
_z. - cart.
999 _c7904
_d7904